000 00640nmm a2200205Ia 4500
008 251105s9999||||xx |||||||||||||||||und||
020 _a9788415937791
041 _aspa
100 _aKorn, Wolfgang
245 0 _aLa vuelta al mundo de un forro polar rojo :
_b Pequeña historia de la gran globalización
264 _a[Madrid, España] :
_bSiruela,
_c2012
300 _a136 páginas
490 _aLas Tres Edades / Nos Gusta Saber
650 _aAges 9-12 Years Old
700 _aKorn, Wolfgang
700 1 _a Jansen, Birgit
700 1 _a Condor, María
856 _uhttps://public.digitaliapublishing.com/a/31933
942 _cCF
999 _c67537
_d67537